| 000 | 01504cam a22004574i 4500 | ||
|---|---|---|---|
| 003 | PE-LiUPU | ||
| 005 | 20250731173502.0 | ||
| 008 | 150616s r 000 0 d | ||
| 020 | _a1565630335 | ||
| 035 | _a(Sirsi) i9781565630338 | ||
| 040 |
_aPE-LiUPU _bspa _cPE-LiUPU _erda |
||
| 049 | _aPRUA | ||
| 082 | 0 | 4 |
_a281.1 _bG72 _221 |
| 100 | 1 |
_aGoodspeed, Edgar J., _eautor. |
|
| 245 | 1 | 0 | _aIndex Patristicus Sive Clavis Patrum Apostolicorum Operum. |
| 264 | 1 |
_aMassachusetts : _bhendrickson Publishers, _c1993. |
|
| 300 |
_a262 páginas ; _c22 centímetros |
||
| 336 |
_atext _2rdacontent |
||
| 337 |
_aunmediated _2rdamedia |
||
| 338 |
_avolume _2rdacarrier |
||
| 505 | 0 | _aGreek index -- Latin index -- Addenda and corrigenda. | |
| 526 | _aSEG42 | ||
| 526 | _aSEG41 | ||
| 526 | _aSEG40 | ||
| 526 | _aSEG39 | ||
| 526 | _aP94 | ||
| 526 | _aP87 | ||
| 526 | _aP86 | ||
| 526 | _aP85 | ||
| 526 | _aP77 | ||
| 526 | _aP76 | ||
| 526 | _aP35 | ||
| 650 | 0 | 4 | _aPADRES DE LA IGLESIA - INDICE (GRIEGO-LATIN). |
| 910 |
_ajck _bjvq _cjck |
||
| 942 |
_2ddc _cBOOK |
||
| 949 |
_a281.1 G72 _wDEWEY _c1 _i40348 _lCCODEBUL1 _mBUL _r0 _sY _tBOOK _u2015-6-16 _xTEOLOGIA _zUNKNOWN _0COMPRA _o.STAFF. Colección General |
||
| 994 |
_aC0 _bPEPRU |
||
| 596 | _a1 | ||
| 999 |
_a281.1 G72 _wDEWEY _c58153 _i40348 _f2021-11-11 _g5 _lCCODEBUL1 _mBUL _r0 _sY _tBOOK _u2015-6-16 _xTEOLOGIA _zUNKNOWN _0COMPRA _o.STAFF. Colección General _d58153 |
||
| 980 |
_81 _gALBERTO SANCHEZ Responsable de Automatización |
||